00758nam a22002052a 450000100060000000300090000600500170001500800410003203500170007304000460009004100080013608200320014410000220017624501080019826000440030630000290035050001070037950400310048665000350051745198BD-RJUL 20211209053958.0160724s1937 enkb b 000 0 eng c aBD-RJUL45316 aU.S. Dept. of agr. LibrarycKLGdEQObeng aeng 223 a338.170954 bHUA 1937 1 aHusain, Saiyid A.10aAgricultural marketing in northern India /cby S.A. Husain ... With a foreword by Sir Harry Lindsay ... aLondon :bG. Allen & Unwin Ltd,c[1937] a342 p. :bill. ; c23 cm a"Thesis approved for the degree of doctor of philosophy in the University of London."--3d prelim. leaf aBibliographical foot-notes 0aFarm producezIndiaxMarketing